Water and wastewater finance and pricing : a comprehensive guide

Αποθηκεύτηκε σε:
Λεπτομέρειες βιβλιογραφικής εγγραφής
Κύριος συγγραφέας: Raftelis, George A.
Μορφή: Βιβλίο
Γλώσσα:English
Δημοσίευση: Boca Raton, FL : CRC/Taylor & Francis, 2005
Έκδοση:3rd ed.
Θέματα:
Ετικέτες: Προσθήκη ετικέτας
Δεν υπάρχουν, Καταχωρήστε ετικέτα πρώτοι!

MARC

LEADER 00000cam a2200000 i 4500
001 1/51544
008 070809s2005 us ||| | eng||
020 |a 9781566706803 
020 |a 1566706807 
035 |l 10089747 
040 |a GR-MY-UA  |b gre  |e aacr 
041 0 |a eng 
082 0 |a 363.610681  |2 (22) 
100 1 |a Raftelis, George A. 
245 1 0 |a Water and wastewater finance and pricing :   |b a comprehensive guide /   |c George A. Raftelis. 
250 |a 3rd ed. 
260 |a Boca Raton, FL :   |b CRC/Taylor & Francis,   |c 2005 
300 |a 406 σ.;  |b έγχρ. εικ.;   |c 27 εκ. 
504 |a Περιέχει βιβλιογραφικές παραπομπές και ευρετήριο. 
650 0 0 |a Water-supply  |x Finance. 
650 0 0 |a Water-supply  |x Rates. 
650 0 0 |a Sewage disposal  |x Finance. 
650 0 0 |a Sewage disposal  |x Rates. 
852 |a INST  |b LESVOS  |e 20070809  |h 363.610681 ΡΑΦ  |p 005100041257  |q 005100041257  |t BK  |y 0 
901 |a BIBL1-2007-2 
909 |a Λ  |b 138309 
922 |a 1ΕΛΗ  |b 200707  |c ΕΠΕΑΕΚ2/ΤΠ  |d ΠΑΠΑΣΩΤΗΡΙΟΥ 
970 |a ΚΑΡΑ  |b ΓΙΑΣΕΜΗ  |z 2007/08/09